000 00695nam a2200205Ia 4500
003 LDD
008 190117s9999 xx 000 0 und d
020 _a9788126315413
_c₹220
040 _cLDD
041 _ahi
082 _a8H3.7 ना1664श-12
100 _aनागर, अमृतलाल
245 0 _aशतरंज के मोहरे
_cअमृतलाल नागर
250 _a12वां संस्करण
260 _aनई दिल्ली
_bभारतीय ज्ञानपीठ
_c2008
300 _a298
901 _aBJ
904 _aReqst by : Jitendra Shriwstava
942 _2ddc
_cH
999 _c162175
_d162175